|
|
|
|
| LEADER |
00000nam a2200000 a 4500 |
| 001 |
vtls008769590 |
| 003 |
SK-MaSNL |
| 005 |
20260302075140.0 |
| 008 |
060602s2001 xo ol g 000 0dslo |
| 020 |
|
|
|a (brož.)
|
| 040 |
|
|
|a SNK
|b slo
|c SNK
|e AACR2
|
| 041 |
0 |
|
|a slo
|
| 043 |
|
|
|a e-xo---
|
| 044 |
|
|
|a xo
|c SK
|
| 072 |
|
7 |
|a 373.5/.6
|x Stredné školy
|2 konspekt
|
| 080 |
|
|
|a 373.6
|2 2001
|
| 080 |
|
|
|a (437.6)
|2 2001
|
| 080 |
|
|
|a (082.2)
|2 2001
|
| 080 |
|
|
|a (055)
|2 2001
|
| 245 |
0 |
0 |
|a Informačno-spomienkový bulletin
|b vydaný pri príležitosti 50. výročia vzniku Strednej priemyselnej školy v Bánovciach nad Bebravou : [1951-2001
|c zostavila Tatiana Matulayová]
|
| 250 |
|
|
|a [1. vyd.]
|
| 260 |
|
|
|a Bánovce nad Bebravou
|b Stredná priemyselná škola
|c [2001]
|
| 300 |
|
|
|a 63 s.
|b fotogr., tab.
|c 30 cm
|
| 366 |
|
|
|e 500 výt.
|
| 610 |
2 |
7 |
|a Stredná priemyselná škola (Bánovce nad Bebravou, Slovensko)
|2 SNKKA
|9 36689
|
| 650 |
0 |
7 |
|a stredné školy
|2 SNKPH
|9 1279
|
| 651 |
|
7 |
|a Bánovce nad Bebravou (Slovensko)
|2 SNKPH
|9 30527
|
| 655 |
|
7 |
|a jubilejné publikácie
|2 SNKPH
|9 70339
|
| 655 |
|
7 |
|a bulletiny
|2 SNKPH
|9 70453
|
| 700 |
1 |
|
|a Matulayová, Tatiana,
|d 1972-
|4 com
|9 216245
|
| 999 |
|
|
|c 1168095
|d 1170025
|
| 952 |
|
|
|a SNK
|b SNK
|y PREZ
|7 0
|p 17A0474991
|o snkOSB 14638
|i snk2006/11178
|8 1
|0 0
|1 0
|4 0
|d 2006-06-02
|l 0
|r 2026-02-24 20:54:29
|w 2026-02-24
|